Luyện tập Pilates Yoga thiền định giảm stress
Gespeichert in:
| Format: | Buch |
|---|---|
| Sprache: | Undetermined |
| Veröffentlicht: |
Thành Phố Hồ Chí Minh
Thể dục thể thao
2007
|
| Schlagworte: | |
| Tags: |
Tag hinzufügen
Keine Tags, Fügen Sie den ersten Tag hinzu!
|
| Thư viện lưu trữ: | Trung tâm Học liệu Trường Đại học Cần Thơ |
|---|
| LEADER | 00601nam a2200181Ia 4500 | ||
|---|---|---|---|
| 001 | CTU_128249 | ||
| 008 | 210402s9999 xx 000 0 und d | ||
| 020 | |c 40000 | ||
| 082 | |a 613.7046 | ||
| 082 | |b L527 | ||
| 245 | 0 | |a Luyện tập Pilates Yoga thiền định giảm stress | |
| 245 | 0 | |c Thế Hùng (tổng hợp và biên soạn) | |
| 260 | |a Thành Phố Hồ Chí Minh | ||
| 260 | |b Thể dục thể thao | ||
| 260 | |c 2007 | ||
| 650 | |a Physical fitness,Physical therapy,Yoga,Yoga | ||
| 904 | |i Tuyến | ||
| 980 | |a Trung tâm Học liệu Trường Đại học Cần Thơ | ||